| 000 | 00403nam a2200169Ia 4500 | ||
|---|---|---|---|
| 008 | 230524s9999 xx 000 0 und d | ||
| 020 | _a9788131503300 | ||
| 082 |
_a657.42 _bTRI |
||
| 100 | _aJ.S.Trieschmann | ||
| 245 | 0 | _aRisk Management And Insurance | |
| 250 | _a12TH | ||
| 260 |
_aNEW DELHI _c2005 |
||
| 300 | _aVII;508 | ||
| 500 | _aQuantity Number: 5 | ||
| 650 | _aManagement | ||
| 942 | _cBK | ||
| 999 |
_c43054 _d43054 |
||